ALL OF THE ITALY- Gabry Bridge - Statistics

Statistiche generali
  • Questo quiz è stato fatto 22 volte
  • Il punteggio medio è 100 su 238
Statistiche sulle risposte
Risposta % Corretto
i
94%
it
89%
al
83%
all
72%
italy
72%
the
72%
of
67%
you
56%
and
50%
hear
50%
then
50%
to
50%
in
44%
dance
39%
we
39%
are
33%
but
33%
do
33%
is
33%
love
33%
on
33%
sing
33%
that
33%
this
33%
us
33%
bed
28%
don't
28%
hand
28%
let
28%
Mom
28%
our
28%
say
28%
she
28%
sleep
28%
some
28%
spaghetti
28%
sure
28%
thing
28%
boys
22%
evening
22%
father
22%
finish
22%
Gioconda
22%
glass
22%
good
22%
have
22%
how
22%
okay
22%
Paris
22%
wine
22%
with
22%
between
17%
black
17%
eyes
17%
fingers
17%
friends
17%
gold
17%
happy
17%
here
17%
if
17%
jump
17%
kiss
17%
lights
17%
many
17%
return
17%
sad
17%
stay
17%
streets
17%
tomorrow
17%
baby
11%
coins
11%
Craxi
11%
fashion
11%
forbidden
11%
it's
11%
kicks
11%
kitchen
11%
laughs
11%
life
11%
nothing
11%
other
11%
people
11%
place
11%
take
11%
wishes
11%
car
6%
flashing
6%
football
6%
heard
6%
leftovers
6%
never
6%
pass
6%
they
6%
through
6%
blessed
0%
blue
0%
camon
0%
holy
0%
little
0%
necklaces
0%
rags
0%
repent
0%
shouts
0%
starry
0%
tank
0%
tops
0%
very
0%
Nessun quiz corrispondente trovato
Distribuzione punteggi
Percentuale di utenti per punteggio
Percentile per numero di risposta
I tuoi punteggi nel tempo
Non hai fatto questo quiz